Παντελής Λαζαρίδης : διαπραγματεύσεις του εφήμερου = Pandelis Lazaridis : negotiating the ephemeral
Αποθηκεύτηκε σε:
| Κύριος συγγραφέας: | |
|---|---|
| Συγγραφή απο Οργανισμό/Αρχή: | |
| Άλλοι συγγραφείς: | , |
| Μορφή: | Βιβλίο |
| Γλώσσα: | Greek English |
| Δημοσίευση: |
Αθήνα :
Futura, Μουσείο Μπενάκη,
2006
|
| Θέματα: | |
| Ετικέτες: |
Προσθήκη ετικέτας
Δεν υπάρχουν, Καταχωρήστε ετικέτα πρώτοι!
|
MARC
| LEADER | 00000cam a2200000 i 4500 | ||
|---|---|---|---|
| 001 | 1/105232 | ||
| 008 | 090520s2006 gre d | ||
| 020 | |a 960-6654-24-9 | ||
| 035 | |l 10104742 | ||
| 040 | |a GR-MY-UA |b gre |e aacr | ||
| 041 | 0 | |a gre |a eng | |
| 082 | 0 | |a 759.9495 |2 (22) | |
| 100 | 1 | |a Λαζαρίδης, Παντελής Γ. | |
| 245 | 1 | 0 | |a Παντελής Λαζαρίδης : |b διαπραγματεύσεις του εφήμερου = Pandelis Lazaridis : negotiating the ephemeral / |c Παντελής Λαζαρίδης ; [επιμέλεια: Γιώργος Τζιρτζιλάκης] ; [κείμενα: Χριστίνα Αγριαντώνη ... [κ.ά.]] |
| 246 | 3 | 3 | |a Διαπραγματεύσεις του εφήμερου |b ; negotiating the ephemeral |
| 260 | |a Αθήνα : |b Futura, |b Μουσείο Μπενάκη, |c 2006 | ||
| 300 | |a 467 σ.; |b φωτ.; |c 32 εκ. | ||
| 500 | |a Κείμενο στα ελληνικά και στα αγγλικά | ||
| 600 | 1 | 0 | |a Λαζαρίδης, Παντελής Γ. |
| 650 | 0 | 0 | |a Painters |z Greece |y 20th century. |
| 700 | 1 | |a Τζιρτζιλάκης, Γιώργος. |4 edt | |
| 700 | 1 | |a Αγριαντώνη, Χριστίνα, |d 1947- | |
| 710 | 2 | |a Μουσείο Μπενάκη. | |
| 852 | |a INST |b LESVOS |e 20090520 |h 759.9495 ΛΑΖ |p 005100045032 |q 005100045032 |t BK |y 0 | ||
| 901 | |a BIBL1-2009-2 | ||
| 909 | |a Λ |b 158819 | ||
| 970 | |a ΚΑΡΑ |b ΓΙΑΣΕΜΗ |z 2009/05/20 | ||